Studies scientific & social / (Record no. 167835)

MARC details
000 -LEADER
campo de control de longitud fija 00763nam a2200229 i 4500
001 - NÚMERO DE CONTROL
campo de control 167835
003 - IDENTIFICADOR DE NÚMERO DE CONTROL
campo de control ES-MaACL
005 - FECHA Y HORA DE LA ÚLTIMA TRANSACCIÓN
campo de control 20250805062615.0
008 - DATOS DE LONGITUD FIJA--INFORMACIÓN GENERAL
campo de control de longitud fija 050928s1900 xxka |||| | eng d
040 ## - FUENTE DE CATALOGACIÓN
Centro catalogador/agencia de origen CAM
Lengua de catalogación spa
Centro/agencia transcriptor CAM
080 ## - NÚMERO DE LA CLASIFICACIÓN DECIMAL UNIVERSAL
Número de la Clasificación Decimal Universal 572
080 ## - NÚMERO DE LA CLASIFICACIÓN DECIMAL UNIVERSAL
Número de la Clasificación Decimal Universal 316
100 1# - ENTRADA PRINCIPAL--NOMBRE DE PERSONA
Nombre de persona Wallace, Alfred Russel.
9 (RLIN) 115944
245 10 - MENCIÓN DEL TÍTULO
Título Studies scientific & social /
Mención de responsabilidad, etc. by Alfred Russel Wallace ; with numerous illustrations.
260 ## - PUBLICACIÓN, DISTRIBUCIÓN, ETC.
Lugar de publicación, distribución, etc. London :
Nombre del editor, distribuidor, etc. Macmillan and Co.,
Fecha de publicación, distribución, etc. 1900 (
Fabricante Richard Clay and Sons)
300 ## - DESCRIPCIÓN FÍSICA
Extensión 2 v. (XV, 532; VIII, 535 p. ) :
Otras características físicas il. ;
Dimensiones 20 cm.
500 ## - NOTA GENERAL
Nota general Índices.
650 #7 - PUNTO DE ACCESO ADICIONAL DE MATERIA--TÉRMINO DE MATERIA
Término de materia o nombre geográfico como elemento de entrada Antropología física
Fuente del encabezamiento o término embne
9 (RLIN) 9893
650 #7 - PUNTO DE ACCESO ADICIONAL DE MATERIA--TÉRMINO DE MATERIA
Término de materia o nombre geográfico como elemento de entrada Sociología
Fuente del encabezamiento o término embne
9 (RLIN) 17195
852 ## - LOCALIZACIÓN
Ubicación ES-MaACL
Número de control de estantería F-5555-56
Nota libre - enc. tela verde
Holdings
Estatus retirado Estado de pérdida Estado de daño No para préstamo Colección Biblioteca de origen Biblioteca actual Ubicación en estantería Fecha de adquisición Total de préstamos Signatura topográfica completa Código de barras Visto por última vez Precio de reemplazo Tipo de ítem Koha
        Libros del s. XIX Biblioteca del Ateneo de Madrid Biblioteca del Ateneo de Madrid Depósito 2 17/01/2008   F-5555-56 1176078 23/02/2023 23/02/2023 Libro impreso antiguo